| 000 | 00847nas a2200253Ia 4500 | ||
|---|---|---|---|
| 001 | R022/43050 | ||
| 003 | IT-RoPAU | ||
| 008 | 151124c99999999xx |||||||||||| ||und|| | ||
| 040 | _aIT-RoPAU | ||
| 040 | _cIT-RoPAU | ||
| 041 | _aITALIANO | ||
| 100 |
_aSalvalaggio G. _gCodice Aut. SPICS: 22152 |
||
| 210 | _aINFORMAZIONI MCS | ||
| 222 | _aInformazioni Mcs | ||
| 245 |
_aINFORMAZIONI MCS, ANNO 23-N.03 (MARZO 1980) _bCompito Della Famiglia Nell'Educazione Dell'Adolescente (Il) |
||
| 250 | _a1a ed. | ||
| 260 |
_aVICENZA _bINFORMAZIONI MCS _c1980 |
||
| 501 |
_bPaulus - SPICS - Società San Paolo EM (non-commercial uses only) _cCopyright2015 |
||
| 300 | _a3 p. [66-68] | ||
| 362 | _aANNO 023, N.03 (MARZO 1980) | ||
| 500 | _aEducazione-Alla-Libertà Attegiamenti-Educativi | ||
| 650 |
_aCINEMA _vPUBBLICAZIONE PERIODICA |
||
| 942 | _cCR | ||
| 999 |
_c146752 _d146752 |
||